1643 1012 1581 1102 1067 1932 1878 1273 1054 1053 1911 1765 1433 1583 1846 1235 1189 1984 1827 1156 1172 1434 1514 1115 1941 1307 1700 1977 1214 1578 1755 1548 1061 1714 1619 1782 1959 1841 1923 1040 1124 1714 1420 1957 1249 1695 1349 1948 1776 1299 1533 1184 1296 1965 1981 1082 1354 1929 1487 1409 1420 1741 1347 1179 1351 1516 1559 1376 1726 1074 1346 1811 1955 1474 1625 1178 1987 1814 1608 1456 1472 1842 1673 1886 1558 1105 1118 1604 1656 1514 1961 1325 1611 1281 1131 1176 1710 1634 1236 BCNSPRNW ULIB Ver.6.0+V

เปลี่ยนเป็นภาษาไทย

Change to English
 แสดงรายละเอียดบรรณานุกรม
  กลับหน้าหลัก

Brief Record : Get Marc (ISO 2709) : E-mail record : QR code < ปิดหน้าต่าง
LEADER : 00000nam 2200000uu 4500
001    13399112806
003     ULIB
008    110627s2550||||th 000 0 tha d
020    9789742556723
090    นว.^bพ541พ ล.2 2550
100 0  พัดชา,นามแฝง
245 00 พรหมรัถยา เล่ม 2 /^cพัดชา,นามแฝง
250    พิมพ์ครั้งที่ 1
260    กรุงเทพฯ :^bบูรพาสาส์น,^c2550
300    428 หน้า
710 1  บูรพาสาส์น
945    ^p400^l0^i022011
995    ทศพร
999 ^a ใช้งานได้ทุกระบบ
รายการนี้ยังไม่มีแท็ก
คุณยังไม่ได้ล็อกอิน คุณสามารถมีกิจกรรมร่วมกับเว็บไซต์ได้ แต่ต้องล็อกอินก่อน ::
  ล็อกอิน

รายการสื่อสารสนเทศ

ลำดับที่ ประเภท เลขเรียก/บาร์โค้ด สถานที่ สถานะ
- ไม่พบข้อมูล -

รายการใกล้เคียง
    ผู้แต่ง [พัดชา,นามแฝง]

BibComment


ยังไม่เคยถูกคอมเมนท์

คอมเมนท์ทรัพยากรรายการนี้
  คอมเมนท์: พรหมรัถยา เล่ม 2 ..


 Copyright 2026. Bcnsprnw @Library